Missing Word: 'E' Pairs Quiz Stats

 Plays Quiz Updated May 18, 2018

Challenge
Share
Tweet
Embed
Score 0/16 Timer 02:00
0 Plays Today
One and... the other % Correct
____ and WestEast
98.9%
Bacon and ____Egg
98.1%
Odds and ____Ends
96.1%
Forever and ____Ever
95.7%
Morning and ____Evening
91.7%
____ and IvoryEbony
91.7%
Bert and ____Ernie
89.9%
Heaven and ____Earth
89.1%
One and... the other % Correct
Good and ____Evil
87.5%
____ and KneesElbows
77.5%
Breaking and ____Entering
69.9%
____ and PriscillaElvis
64.7%
Quasimodo and ____Esmeralda
47.5%
____ and ETElliot
44.9%
Marx and ____Engels
37.5%
Anna and ____ Elsa
26.7%

Today's Daily Dose

Word Ladder
Homophones Ate

Quick Pick
RGB Colors

On This Day
August 18th II

You're not logged in!

Compare scores with friends on all Sporcle quizzes.
Join for Free
OR
Log In

You Might Also Like...

Show Comments

Extras

Top Quizzes Today


Score Distribution

Your Account Isn't Verified!

In order to create a playlist on Sporcle, you need to verify the email address you used during registration. Go to your Sporcle Settings to finish the process.

Report this User

Report this user for behavior that violates our Community Guidelines.

Details: